| 000 | 00402nam a2200181Ia 4500 | ||
|---|---|---|---|
| 008 | 210210b1962 xxu||||| |||| 00| 0 eng d | ||
| 041 | _aeng | ||
| 082 | _a534/9 | ||
| 100 | _aBOULIND (H F) | ||
| 245 | _aSound:an advanced course | ||
| 260 |
_aLondon _bJohn Murray _c1962 |
||
| 300 | _a104 | ||
| 650 | _aSound:an | ||
| 650 | _acourse | ||
| 650 | _aadvanced | ||
| 690 | _aSound | ||
| 906 | _a008497 | ||
| 999 |
_c126418 _d126418 |
||